[Event "R5-A-Vic/Fleurance"]
[Site "?"]
[Date "2003.04.06"]
[Round "7.6"]
[White "Thimonier, Victor"]
[Black "Tauziede, Jean Pierre"]
[Result "0-1"]
[WhiteElo "1199"]
[BlackElo "1540"]
[EventDate "2003.05.25"]
[PlyCount "140"]
[SourceDate "2003.05.25"]

1.d4 Nf6 2.c4 g6 3.Nf3 Bg7 4.Nc3 d6 5.Bf4 O-O 6.e3 Nbd7 7.Bd3 Re8 8.Qe2 e5
9.Bg5 exd4 10.Nxd4 h6 11.Bh4 Nc5 12.Bc2 g5 13.Bg3 Nfe4 14.Nxe4 Nxe4 15.
Bxe4 Rxe4 16.Nb3 b6 17.f3 Re8 18.O-O Bb7 19.Rad1 f5 20.f4 g4 21.c5 Qc8 22.
Qc4+ Qe6 23.Qxe6+ Rxe6 24.cxd6 Rxd6 25.Rxd6 cxd6 26.Rf2 Re8 27.Re2 Ba6 28.
Rc2 Rc8 29.Rd2 Rd8 30.Nd4 Bxd4 31.Rxd4 d5 32.Ra4 Bd3 33.Rxa7 Rc8 34.Rd7 
Rc1+ 35.Kf2 Rc2+ 36.Ke1 Rxb2 37.Rxd5 Be4 38.Re5 Rxa2 39.Re6 b5 40.Rxh6 
Rxg2 41.Rb6 Rb2 42.Kd1 b4 43.Kc1 Rb1+ 44.Kd2 Rb2+ 45.Ke1 b3 46.Kd1 Ra2 47.
Rxb3 Bc2+ 48.Kd2 Bxb3+ 49.Kd3 Bc2+ 50.Kc3 Be4 51.Kd4 Rd2+ 52.Kc3 Rd3+ 53.
Kc2 Rxe3+ 54.Kd2 Ra3 55.Ke2 Kf7 56.Kf2 Ke6 57.Ke2 Kd5 58.Kd2 Kc4 59.Ke2 
Kc3 60.Ke3 Kc2+ 61.Kd4 Kd2 62.Kc4 Rxg3 63.hxg3 Ke3 64.Kc3 Kf3 65.Kd2 Kxg3 
66.Ke3 Ba8 67.Ke2 Kxf4 68.Kf2 g3+ 69.Kg1 Kf3 70.Kh1 Kf2# 0-1

[Event "R5-A-CEIT/Castel-Moissac"]
[Site "?"]
[Date "2003.04.06"]
[Round "7.6"]
[White "Dols, Martin"]
[Black "Arnould, Francoise"]
[Result "0-1"]
[WhiteElo "1220"]
[BlackElo "1230"]
[EventDate "2003.05.25"]
[PlyCount "98"]
[SourceDate "2003.05.25"]

1.e4 c5 2.Nf3 e6 3.Nc3 Nc6 4.Bc4 Be7 5.d3 h6 6.Bf4 d6 7.O-O Nf6 8.a3 d5 9.
Bb3 dxe4 10.dxe4 Nh5 11.Bd2 Nf6 12.Qe1 Ng4 13.h3 Nge5 14.Nxe5 Nxe5 15.Rd1 
Bd7 16.Ba2 Qb6 17.b3 Bb5 18.Nxb5 Qxb5 19.a4 Qc6 20.Bc3 Bf6 21.Rd2 c4 22.
Bb4 Rd8 23.Rxd8+ Bxd8 24.Qe2 a5 25.Bc3 f6 26.Bxe5 fxe5 27.Qh5+ Ke7 28.Qxe5
Kf8 29.Qf4+ Ke7 30.Rd1 Bc7 31.Qh4+ g5 32.Qg4 Rd8 33.Rxd8 Kxd8 34.Qd1+ Ke7 
35.Qd4 Kf7 36.f3 Bb6 37.Qxb6 Qxb6+ 38.Kf1 cxb3 39.Bxb3 Qe3 40.Bc4 Qc1+ 41.
Kf2 Qxc2+ 42.Be2 Qxa4 43.Kg3 h5 44.h4 gxh4+ 45.Kxh4 Kg6 46.g4 hxg4 47.Kxg4
Qc2 48.Bb5 Qg2+ 49.Kf4 Qg5# 0-1

[Event "R5-A-CEIT/Castel-Moissac"]
[Site "?"]
[Date "2003.04.06"]
[Round "7.1"]
[White "Laffon, Jean Christophe"]
[Black "Cebollero, Daniel"]
[Result "1-0"]
[WhiteElo "1570"]
[BlackElo "1660"]
[EventDate "2003.05.25"]
[PlyCount "63"]
[SourceDate "2003.05.25"]

1.d4 d5 2.e3 a6 3.c4 c6 4.Nf3 Nf6 5.Bd3 Bg4 6.Nbd2 Nbd7 7.O-O e6 8.Qc2 Bd6
9.Re1 e5 10.dxe5 Nxe5 11.Nxe5 Bxe5 12.e4 d4 13.c5 O-O 14.b4 Nh5 15.Nb3 Qh4
16.g3 Qh3 17.Bf1 Qxf1+ 18.Rxf1 Rad8 19.f4 d3 20.Qd2 Bxa1 21.Nxa1 Rfe8 22.
e5 {23.Bb2 f6 24.Nb3 Bf5 25.Nd4 Be4 26.Re1 f5 27.g4 g6 28.gxh5 gxh5 29. 
Kf2 Kh8 30.Rg1 h4 31.e6 h6 32.Nxf5+} 1-0

[Event "R6R7 Loures-Barousse / Foix"]
[Site "?"]
[Date "2003.04.06"]
[Round "7.1"]
[White "ORIOT, Patrice"]
[Black "LANLLIER, Bruno"]
[Result "1/2-1/2"]
[WhiteElo "1960"]
[BlackElo "1900"]
[PlyCount "106"]

1.d4 Nf6 2.Bg5 Ne4 3.Bf4 d5 4.Nd2 Bf5 5.e3 Nd7 6.Bd3 e6 7.Nxe4 dxe4 8.g4 
Bxg4 9.Qxg4 exd3 10.cxd3 Bb4+ 11.Kf1 Nf6 12.Qf3 Qd5 13.Bxc7 Rc8 14.Qxd5 
Nxd5 15.Bg3 Rc2 16.Rb1 O-O 17.Nf3 Rfc8 18.a3 Be7 19.e4 Nb6 20.Kg2 Na4 21.
b3 Nb2 22.Ne1 Re2 23.Kf3 Rd2 24.Ke3 Rd1 25.Rxb2 Bxa3 26.Rc2 Rxc2 27.Nxc2 
Rxh1 28.Nxa3 a6 29.Kd2 g5 30.Nc2 h5 31.Ne1 f5 32.exf5 exf5 33.f4 h4 34.
fxg5 hxg3 35.hxg3 Rg1 36.Nf3 Rxg3 37.Ke3 Rg4 38.d5 Kf8 39.d6 Ke8 40.d4 b5 
41.Ne5 Re4+ 42.Kd3 Re1 43.Kd2 Rg1 44.Ke3 a5 45.Kf2 Rxg5 46.d7+ Kd8 47.Nf7+
Kxd7 48.Nxg5 a4 49.bxa4 bxa4 50.Nf3 a3 51.Ne1 a2 52.Nc2 Kd6 53.Ke3 Ke6 
1/2-1/2

[Event "R6R7 Rodez 2 / Ramonville 3"]
[Site "?"]
[Date "2003.04.06"]
[Round "7.2"]
[White "MEHADHEBI, Karim"]
[Black "ARCHIMBAUD, Alain"]
[Result "1-0"]
[WhiteElo "1499"]
[BlackElo "1499"]
[PlyCount "81"]

1.e4 e5 2.Nf3 Nc6 3.Bb5 d6 4.d4 a6 5.Bxc6+ bxc6 6.dxe5 Bg4 7.exd6 cxd6 8.
O-O Be7 9.e5 dxe5 10.Qxd8+ Rxd8 11.Nxe5 Bd7 12.Nc3 Nf6 13.h3 O-O 14.Nxd7 
Rxd7 15.Be3 Rfd8 16.Rfd1 Bb4 17.Rxd7 Rxd7 18.Rd1 Rxd1+ 19.Nxd1 Nd7 20.Kf1 
c5 21.Ke2 c4 22.b3 cxb3 23.axb3 Bc5 24.Kd3 Bxe3 25.Nxe3 f6 26.Kd4 Kf7 27.
Kd5 g6 28.Kc6 Ke6 29.c4 f5 30.f4 h6 31.Nd5 a5 32.Kb5 Kd6 33.Nb6 Nf6 34.c5+
Kc7 35.c6 Ne8 36.Kc5 Kb8 37.Nd5 Nc7 38.Nxc7 Kxc7 39.h4 Kc8 40.Kd6 Kb8 41.
Kd7 1-0

[Event "R6R7 Luchon 2 / Muret 4"]
[Site "?"]
[Date "2003.04.06"]
[Round "7.3"]
[White "MOREAU, Philippe"]
[Black "CONRIE, Alexandra"]
[Result "1-0"]
[WhiteElo "1580"]
[BlackElo "1199"]
[PlyCount "71"]

1.e4 e5 2.Nf3 Nc6 3.Bb5 d6 4.d4 Nf6 5.Bg5 exd4 6.Nxd4 Bg4 7.Qxg4 Nxg4 8.
Bxd8 Rxd8 9.Nxc6 bxc6 10.Bxc6+ Ke7 11.Nc3 Ne5 12.Nd5+ Ke6 13.Nxc7+ Kf6 14.
Nd5+ Kg5 15.f4+ Kg4 16.fxe5 dxe5 17.O-O-O Rd6 18.Ne3+ Kf4 19.Rxd6 Bxd6 20.
Nc4 Be7 21.Rf1+ Kg5 22.Nxe5 Bd6 23.Nxf7+ Kg4 24.Bd7+ Kh5 25.Nxh8 Bf4+ 26.
Rxf4 Kg5 27.Rf3 a5 28.e5 Kh5 29.Rg3 Kh4 30.e6 g6 31.e7 g5 32.Rg4+ Kh5 33.
e8=Q+ Kh6 34.Bf5 Kg7 35.Qf7+ Kxh8 36.Qxh7# 1-0

[Event "R6R7 Luchon 2 / Muret 4"]
[Site "?"]
[Date "2003.04.06"]
[Round "7.1"]
[White "BRETON, Yves"]
[Black "DOYEN, Jean-Marie"]
[Result "1-0"]
[WhiteElo "1990"]
[BlackElo "1699"]
[PlyCount "101"]

1.b3 e6 2.Bb2 d5 3.e3 Nf6 4.f4 Nc6 5.Bb5 Bd7 6.Nf3 Ne7 7.Bd3 Ng6 8.Ne5 Ne4
9.Bxe4 dxe4 10.Qh5 Qh4+ 11.Qxh4 Nxh4 12.O-O Ng6 13.Nxd7 Kxd7 14.f5 exf5 
15.Rxf5 f6 16.Nc3 Rd8 17.Nxe4 Kc8 18.Rd1 Ne7 19.Rf3 h6 20.Ng3 Nd5 21.d4 
Bd6 22.Nf5 Rd7 23.Nxd6+ Rxd6 24.c4 Ne7 25.e4 b6 26.d5 Ng6 27.Rg3 Ne5 28.
Bxe5 fxe5 29.Rxg7 Rd7 30.Rxd7 Kxd7 31.Rf1 Ke7 32.Rf5 Kd6 33.Rf6+ Kc5 34.
Kf1 Kd4 35.Kf2 Rh7 36.g4 a6 37.d6 Kc3 38.dxc7 Rxc7 39.Rxh6 Kd4 40.g5 Rf7+ 
41.Rf6 Rh7 42.g6 Rh3 43.Kg2 Rh8 44.g7 Rg8 45.Rg6 Kxe4 46.Kf2 Kf5 47.Rg2 
Kf4 48.h4 e4 49.h5 e3+ 50.Ke2 Rd8 51.g8=Q 1-0

[Event "R6R7 Luchon 2 / Muret 4"]
[Site "?"]
[Date "2003.04.06"]
[Round "7.2"]
[White "FLOURAC, Jean-paul"]
[Black "ARANDA, Berenger"]
[Result "1/2-1/2"]
[WhiteElo "1610"]
[BlackElo "1700"]
[PlyCount "109"]

1.d4 f5 2.e4 fxe4 3.Nc3 Nf6 4.f3 e3 5.Bxe3 e6 6.Bd3 Be7 7.Nge2 b6 8.Qd2 
Bb7 9.Ne4 d6 10.Ng5 Qd7 11.Nf4 e5 12.dxe5 dxe5 13.Nfe6 e4 14.Bb5 c6 15.
Qxd7+ Kxd7 16.O-O-O+ Kc8 17.Bc4 exf3 18.gxf3 Nbd7 19.Nf7 Rg8 20.Nd6+ Bxd6 
21.Rxd6 Ne5 22.Rhd1 Nd5 23.Be2 Nf7 24.R6xd5 cxd5 25.Nd4 Kd7 26.Bb5+ Ke7 
27.Bf2 Rac8 28.Re1+ Kf6 29.Re6+ Kg5 30.h4+ Kf4 31.Bf1 Rge8 32.Bg2 Rxe6 33.
Nxe6+ Ke5 34.Nd4 Re8 35.c3 Nd8 36.Bg3+ Kf6 37.Kd2 Nc6 38.Bf2 Nxd4 39.Bxd4+
Kf7 40.Bf1 g6 41.Bd3 Ke6 42.Bc2 Rf8 43.Ke3 Ba6 44.f4 Bc4 45.b3 Bf1 46.Bg7 
Rf7 47.Bd4 Bh3 48.Bd3 Bf5 49.Be2 Re7 50.Be5 Kd7 51.Bb5+ Ke6 52.Be2 h5 53.
Kd4 Be4 54.Bf1 Kd7 55.Bb5+ 1/2-1/2

[Event "R6R7 Vic bigorre 2 / Ramonville 2"]
[Site "?"]
[Date "2003.04.06"]
[Round "7.3"]
[White "SUSINI, Yannick"]
[Black "BOUET, Arnaud"]
[Result "1-0"]
[WhiteElo "1199"]
[BlackElo "1009"]
[PlyCount "61"]

1.e4 e6 2.d4 d5 3.Nc3 c5 4.Bf4 Nc6 5.Nf3 Qb6 6.Bb5 Bd7 7.exd5 exd5 8.Nxd5 
Qa5+ 9.Bd2 Qb6 10.O-O Qd8 11.Re1+ Be7 12.Bf4 a6 13.Nc7+ Kf8 14.Nxa8 Qxa8 
15.Bxc6 Bxc6 16.d5 Bb5 17.d6 Bd8 18.d7 g6 19.Be5 Nf6 20.Qd6+ Be7 21.Qc7 
Kg7 22.Ng5 Kh6 23.Nxf7+ Kg7 24.Nxh8 Kxh8 25.Qc8+ Qxc8 26.dxc8=Q+ Kg7 27.
Qxb7 Kf7 28.Bxf6 Kxf6 29.Qxe7+ Kf5 30.Qe5+ Kg4 31.Re4# 1-0

[Event "R6R7 Loures-Barousse / Foix"]
[Site "?"]
[Date "2003.04.06"]
[Round "7.3"]
[White "CONDEMINAS, Christian"]
[Black "EVRARD, Emmanuel"]
[Result "0-1"]
[WhiteElo "1650"]
[BlackElo "1600"]
[PlyCount "104"]

1.e4 e5 2.Nf3 Nc6 3.d4 exd4 4.Bc4 Bc5 5.c3 Nf6 6.cxd4 Bb4+ 7.Bd2 Bxd2+ 8.
Nbxd2 Nxe4 9.Bxf7+ Kxf7 10.Nxe4 Re8 11.Ng5+ Qxg5 12.Qf3+ Kg8 13.O-O Qb5 
14.Rfe1 Rf8 15.Qc3 d6 16.Re3 Bd7 17.Rae1 Qb4 18.d5 Qxc3 19.Nxc3 Ne5 20.f3 
a6 21.Ne4 Bf5 22.Nf2 a5 23.Rc3 Rac8 24.Rec1 Rf7 25.Ra3 b6 26.Rac3 h6 27.b3
g5 28.Re3 Kf8 29.Rce1 Bg6 30.R1e2 Re8 31.Ng4 Kg7 32.Nf2 Rfe7 33.Kf1 h5 34.
h4 g4 35.f4 Nc6 36.Re6 Rxe6 37.dxe6 Nd4 38.Rd2 Nxe6 39.g3 Kf6 40.Nd1 Nc5 
41.Nc3 Bd3+ 42.Kf2 Ne4+ 43.Nxe4+ Bxe4 44.a3 Re6 45.Rb2 b5 46.Ke3 c5 47.Ke2
d5 48.b4 axb4 49.axb4 c4 50.Kd2 d4 51.Ra2 c3+ 52.Kd1 Bd3 0-1

[Event "R6R7 Luchon 1 / Muret 3"]
[Site "?"]
[Date "2003.04.06"]
[Round "7.2"]
[White "BARRAUD, Claudine"]
[Black "PERCIE DU SERT, Maxime"]
[Result "1-0"]
[WhiteElo "1240"]
[BlackElo "1420"]
[PlyCount "83"]

1.e4 e5 2.Nf3 Nc6 3.Bb5 a6 4.Ba4 b5 5.Bb3 Nh6 6.c3 Bc5 7.d4 exd4 8.cxd4 
Bb4+ 9.Nc3 Bb7 10.O-O O-O 11.Re1 Ne7 12.a3 Bxc3 13.bxc3 d5 14.e5 Rc8 15.
Bxh6 gxh6 16.Nh4 Ng6 17.Nf5 Qg5 18.Bc2 c5 19.Re3 Rfe8 20.Nd6 cxd4 21.cxd4 
Re7 22.Nxc8 Bxc8 23.Rg3 Qf4 24.Qf3 Qxd4 25.Qc3 Qxc3 26.Rxc3 Bb7 27.Bxg6 
hxg6 28.Re1 Re6 29.Rc7 Bc6 30.f4 g5 31.f5 Re8 32.Rxc6 Rd8 33.Rd6 Rc8 34.
Rxd5 Rc3 35.Rd6 Rxa3 36.Rxh6 b4 37.e6 fxe6 38.fxe6 b3 39.e7 b2 40.e8=Q+ 
Kg7 41.Qg6+ Kf8 42.Rh8# 1-0

[Event "R5 Montauban/Castel-Moissac"]
[Site "?"]
[Date "2003.04.06"]
[Round "7"]
[White "PERRAMOND, Henri-Pierre"]
[Black "LACROIX, Romain"]
[Result "1-0"]
[WhiteElo "2172"]
[BlackElo "1840"]
[EventDate "2003.??.??"]
[PlyCount "105"]

1.d4 d5 2.c4 e6 3.Nc3 c6 4.e4 dxe4 5.Nxe4 Nf6 6.Nc3 Bd6 7.Nf3 Nbd7 8.Be2 
O-O 9.O-O e5 10.d5 cxd5 11.cxd5 h6 12.h3 Nb6 13.Qd3 Re8 14.Nd2 Bb4 15.Rd1 
Nfxd5 16.Nf3 Bxc3 17.bxc3 e4 18.Qc2 Qc7 $19 {mais} 
    ( 18...exf3 19.Bxf3 Be6 20.c4 Rc8 $1 )
19.Bb5 Qxc3 20.Qe2 Bd7 $1 21.Bxd7 Nxd7 
    ( 21...exf3 22.Qb2 Re1+ 23.Rxe1 Qxe1+ 24.Kh2 Nxd7 $19 {-4,5!!!} )
22.Bb2 Qc6 23.Nd4 Qg6 $19 24.Nb5 N7b6 25.Kh2 e3 26.g3 exf2 27.Qxf2 a6 28.
Nd4 Qf6 $2 {Il me reste 4 min} 29.Nf5 Qg6 30.Nxg7 Rec8 31.Nf5 Kh7 32.Rd4 
Rc4 $2 {et la 30 s...} 33.Rxc4 Nxc4 34.Nh4 $5 Qe6 35.Qc2+ Kg8 36.Qxc4 Rc8 
37.Qd4 f6 38.Rf1 Rc2+ 39.Rf2 Rxf2+ 40.Qxf2 Kf7 {ouf!!!,j'suis pas tombe! 
ouille,la position} 41.Ng2 b5 42.Qa7+ Ne7 43.Ba3 f5 44.Bxe7 Qxe7 45.Qxa6 
Qe6 46.Qxb5 Qxa2 47.Qxf5+ Kg7 48.Qd7+ Kf6 49.Qd6+ Kg7 50.Qe7+ Kg6 51.h4 
Qc2 52.g4 h5 53.gxh5+ 1-0

[Event "R5 Montech-Millau"]
[Site "?"]
[Date "2003.04.06"]
[Round "7"]
[White "VUAILLAT, Jack"]
[Black "CROUX, Laurent"]
[Result "1-0"]
[WhiteElo "1680"]
[BlackElo "1690"]
[PlyCount "65"]

{62MB, Fritz7 arbre.ctg, ROMAIN-PORTABLE} 
1.Nf3 d5 2.g3 c6 3.d4 Nf6 4.Bg2 Bg4 5.Ne5 Bf5 6.O-O Nbd7 7.Nxd7 Qxd7 8.Nd2
h5 9.f3 h4 10.g4 Bxg4 11.fxg4 Nxg4 12.Rf3 Qd6 13.Nf1 e5 14.h3 e4 15.Bf4 
Qg6 16.Rb3 O-O-O 17.hxg4 Qxg4 18.e3 Qg6 19.Kh2 Bd6 20.Qe1 Bxf4+ 21.exf4 
Qf6 22.Bh3+ Kb8 23.Qe3 Rdg8 24.Nd2 g5 25.fxg5 Rxg5 26.Rf1 Qd6+ 27.Qf4 
Qxf4+ 28.Rxf4 f5 29.Re3 c5 30.c3 cxd4 31.cxd4 Rc8 32.Rc3 Re8 33.Nf1 1-0

[Event "R5 Montauban/Castel-Moissac"]
[Site "?"]
[Date "2003.04.06"]
[Round "7"]
[White "RIVIERE, Fabien"]
[Black "KIENLEN, Gerard"]
[Result "0-1"]
[WhiteElo "1099"]
[BlackElo "1470"]
[PlyCount "38"]

{62MB, Fritz7 arbre.ctg, ROMAIN-PORTABLE} 
1.d4 Nf6 2.c4 g6 3.Nc3 Bg7 4.Nf3 O-O 5.e3 d6 6.Bd3 Nbd7 7.O-O e5 8.Qc2 b6 
9.Be4 Nxe4 10.Qxe4 Bb7 11.Qxb7 exd4 12.exd4 Re8 13.Bg5 f6 14.Bf4 g5 15.Bg3
h5 16.h4 Nf8 17.hxg5 fxg5 18.Nb5 Ne6 19.Rfe1 a5 {feuilles illisibles, les 
noirs gagnent en 35 coups} 0-1

[Event "R5 Montech-Millau"]
[Site "?"]
[Date "2003.04.06"]
[Round "7"]
[White "TRANCOSO, Mickael"]
[Black "BENGUENEB, Smain"]
[Result "1-0"]
[WhiteElo "1630"]
[BlackElo "1500"]
[EventDate "2003.??.??"]
[PlyCount "89"]

1.e4 e5 2.Nf3 d6 3.Nc3 Bg4 4.h3 Bxf3 5.Qxf3 Nf6 6.Bc4 Be7 7.d3 O-O 8.Be3 
c6 9.a4 Nbd7 10.O-O Ne8 11.Rfd1 Bg5 12.d4 Qe7 13.Rd2 exd4 14.Bxg5 Qxg5 15.
Rxd4 Ne5 16.Qe2 Qf6 17.Rad1 Rd8 18.b4 Nc7 19.Bb3 Rd7 20.Qe3 Rfd8 21.f4 Ng6
22.g3 b6 23.R4d3 Qe7 24.Ne2 Ne8 25.Nd4 Rc7 26.Nf5 Qf8 27.e5 d5 28.b5 cxb5 
29.axb5 Rc5 30.Rxd5 Rcxd5 31.Rxd5 Rxd5 32.Bxd5 Nc7 33.c4 Qb4 34.Nd6 Nxd5 
35.cxd5 Ne7 36.Qc1 Qd4+ 37.Kf1 Qxd5 38.Kf2 Qd4+ 39.Kf3 h6 40.Qc2 g5 41.Qc4
Qd5+ 42.Qxd5 Nxd5 43.Nc8 gxf4 44.gxf4 Ne7 45.Nxe7+ 1-0

[Event "R5 Ste Foy-Colomiers"]
[Site "?"]
[Date "2003.04.06"]
[Round "7"]
[White "SICRET, Francis"]
[Black "BLESING, Rene"]
[Result "0-1"]
[WhiteElo "1460"]
[BlackElo "1690"]
[PlyCount "60"]

{62MB, Fritz7 arbre.ctg, ROMAIN-PORTABLE} 
1.e4 Nf6 2.Nc3 d5 3.exd5 Nxd5 4.Qf3 Nxc3 5.Qxc3 Bf5 6.Nf3 e6 7.a3 c6 8.b4 
Nd7 9.d4 Nb6 10.Qb3 Be7 11.Bb2 O-O 12.c4 Bf6 13.a4 a5 14.b5 cxb5 15.Qxb5 
Be4 16.Be2 Bc6 17.Qb3 Qc7 18.Rb1 Bxa4 19.Qd3 Rfd8 20.O-O Rac8 21.Rfc1 Bc6 
22.Bd1 Qf4 23.Bc2 g6 24.Re1 Bxf3 25.Qxf3 Qxf3 26.gxf3 Nxc4 27.Bc3 Na3 28.
Bxa5 Nxb1 29.Bxd8 Rxd8 30.Bxb1 Bxd4 0-1

[Event "R5 Ste Foy-Colomiers"]
[Site "?"]
[Date "2003.04.06"]
[Round "7"]
[White "GALBY, Vassili"]
[Black "ARTIS, Paul"]
[Result "1-0"]
[WhiteElo "1299"]
[BlackElo "1490"]
[PlyCount "73"]

{62MB, Fritz7 arbre.ctg, ROMAIN-PORTABLE} 
1.e4 c6 2.d4 d5 3.Nc3 dxe4 4.Nxe4 Bf5 5.Ng3 Bg6 6.h4 h6 7.Nf3 e6 8.h5 Bh7 
9.Bf4 Nd7 10.Bd3 Bxd3 11.Qxd3 Ngf6 12.O-O-O Be7 13.Ne4 Nxe4 14.Qxe4 Nf6 
15.Qd3 Nd5 16.Be5 Bg5+ 17.Nxg5 Qxg5+ 18.f4 Nxf4 19.Qe3 Ne2+ 20.Kd2 Qxe3+ 
21.Kxe3 f6 22.Bh2 Nxd4 23.Rxd4 e5 24.Rd3 Ke7 25.Rhd1 Rad8 26.b4 Rxd3+ 27.
Rxd3 Rd8 28.Rxd8 Kxd8 29.Ke4 Ke7 30.Bg1 b6 31.Kf5 Kf7 32.c4 e4 33.a4 c5 
34.b5 a5 35.Kxe4 g6 36.hxg6+ Kxg6 37.Be3 1-0

[Event "R5 Montech-Millau"]
[Site "?"]
[Date "2003.04.06"]
[Round "7"]
[White "BALARD, Philippe"]
[Black "WACKER, Antoine"]
[Result "1-0"]
[WhiteElo "1499"]
[BlackElo "1099"]
[PlyCount "79"]

{62MB, Fritz7 arbre.ctg, ROMAIN-PORTABLE} 
1.e4 e5 2.Nc3 c6 3.Nf3 f6 4.d4 Bd6 5.dxe5 fxe5 6.Qxd6 Qe7 7.Qd2 Na6 8.b3 
b5 9.Bb2 d6 10.Ba3 Nc5 11.Ne2 Nxe4 12.Qe3 Ngf6 13.Nc3 Bf5 14.Bd3 Ng4 15.
Qe2 Nxc3 16.Qd2 Ne4 17.Bxe4 Bxe4 18.O-O-O Bd5 19.h3 Nf6 20.Rhe1 Qc7 21.Ng5
Qd7 22.f3 h6 23.Ne4 O-O 24.Nxd6 Rad8 25.Rxe5 Qc7 26.Re3 Rxd6 27.Bxd6 Qxd6 
28.Rde1 Qa3+ 29.Kb1 a5 30.Qc1 Qc5 31.a3 Bf7 32.Rd3 Nd5 33.Qb2 Qf2 34.Red1 
Bg6 35.R3d2 Qc5 36.Ka1 Ne3 37.Rc1 a4 38.Rd7 Nxc2+ 39.Rxc2 Bxc2 40.Qxg7# 
1-0

[Event "R5 Ste Foy-Colomiers"]
[Site "?"]
[Date "2003.04.06"]
[Round "7"]
[White "BLESING, Alicia"]
[Black "LAMATA, Fabrice"]
[Result "0-1"]
[WhiteElo "1520"]
[BlackElo "1450"]
[PlyCount "30"]

{62MB, Fritz7 arbre.ctg, ROMAIN-PORTABLE} 
1.e4 e5 2.Nf3 Nc6 3.Nc3 Nf6 4.Bc4 h6 5.d4 exd4 6.Nxd4 Bb4 7.Nf5 Bf8 8.Bf4 
d6 9.Nd4 Bd7 10.O-O Qe7 11.Re1 O-O-O 12.Nxc6 Bxc6 13.e5 dxe5 14.Rxe5 Rxd1+
15.Rxd1 Qb4 0-1

[Event "R6R7 Vic bigorre 2 / Ramonville 2"]
[Site "?"]
[Date "2003.04.06"]
[Round "7.1"]
[White "Reignier-Primet, Franck"]
[Black "Rizzo, Carlo"]
[Result "0-1"]
[WhiteElo "1499"]
[BlackElo "1560"]
[EventDate "2003.??.??"]
[PlyCount "136"]

1.d4 Nf6 2.Nc3 d5 3.Nf3 e6 4.Bg5 Be7 5.e3 Nc6 6.Bb5 Bd7 7.O-O O-O 8.Re1 a6
9.Ba4 b5 10.Bb3 Na5 11.e4 Nxb3 12.axb3 b4 13.Na4 Nxe4 14.Bxe7 Qxe7 15.Ne5 
f6 16.Nd3 a5 17.c4 bxc3 18.bxc3 Bxa4 19.bxa4 Nxc3 20.Qh5 Ne4 21.Re3 g6 22.
Qh6 Ra6 23.Rc1 Re8 24.Nf4 Qg7 25.Qh3 f5 26.f3 Ng5 27.Qg3 Qxd4 28.Re1 e5 
29.Nxd5 Qxd5 30.Qxg5 Qd4 31.g4 f4 32.Qxe5 Qxe5 33.Rxe5 Kg7 34.g5 Rf8 35.
Rc1 Ra7 36.h4 h5 37.Re7+ Rf7 38.Re8 Rb7 39.Rd8 Rb3 40.Kf2 Rb2+ 41.Kg1 Rb4 
42.Ra1 c5 43.Kf1 Re7 44.Rd5 Rc7 45.Ke2 Re7+ 46.Kf2 Rb2+ 47.Kf1 Re3 48.Rd7+
Kf8 49.Rd5 Rxf3+ 50.Ke1 Re3+ 51.Kd1 c4 52.Rd2 Rxd2+ 53.Kxd2 c3+ 54.Kc2 Ke7
55.Rf1 f3 56.Kb3 Kd6 57.Rd1+ Kc5 58.Rf1 c2+ 59.Kxc2 Kc4 60.Kd2 Kd4 61.Rh1 
Re2+ 62.Kd1 Ra2 63.Re1 Ra1+ 64.Kd2 Rxe1 65.Kxe1 Kc3 66.Kf2 Kb3 67.Kxf3 
Kxa4 68.Ke2 Kb3 0-1

[Event "R5 Montauban/Castel-Moissac"]
[Site "?"]
[Date "2003.04.06"]
[Round "7"]
[White "CATALA, Laurent"]
[Black "RAVON, Michel"]
[Result "1-0"]
[WhiteElo "1650"]
[BlackElo "1499"]
[EventDate "2003.??.??"]
[PlyCount "95"]

1.e4 e5 2.Nf3 Nc6 3.d4 exd4 4.Nxd4 Qf6 5.Be3 a6 6.Nxc6 Qxc6 7.Nd2 Nf6 8.
Bd3 d6 9.Bg5 Be7 10.O-O Be6 11.Qe2 h6 12.Be3 Ng4 13.Bd4 Bf6 14.Bxf6 Nxf6 
15.Nf3 O-O 16.Nd4 Qd7 17.Nxe6 Qxe6 18.Rfe1 Rae8 19.f3 Qe5 20.b3 Re7 21.
Rad1 Rfe8 22.Qd2 Qc5+ 23.Kf1 Qe5 24.Kg1 d5 25.exd5 Qd4+ 26.Kf1 Rxe1+ 27.
Rxe1 Rxe1+ 28.Qxe1 Qxd5 29.Qe7 Qd6 30.Qxd6 cxd6 31.Ke2 Kf8 32.Ke3 Ke7 33.
Be4 d5 34.Bd3 Kd6 35.Kd4 Nd7 36.Bf5 Nc5 37.Bc8 Ne6+ 38.Bxe6 fxe6 39.f4 b5 
40.b4 g5 41.g3 g4 42.a3 h5 43.c3 e5+ 44.fxe5+ Ke6 45.Kd3 Kxe5 46.Ke3 d4+ 
47.cxd4+ Kd5 48.Kd3 1-0

[Event "R6R7 Vic bigorre 2 / Ramonville 2"]
[Site "?"]
[Date "2003.04.06"]
[Round "7.2"]
[White "Bouet, Jean-Yves"]
[Black "Dintrans, Francois"]
[Result "1/2-1/2"]
[WhiteElo "1499"]
[BlackElo "1499"]
[EventDate "2003.??.??"]
[PlyCount "89"]

1.e4 c5 2.c3 e6 3.d4 cxd4 4.cxd4 Be7 5.e5 Nc6 6.Nf3 d6 7.Bf4 d5 8.Bd3 Bb4+
9.Nc3 Nge7 10.O-O Nf5 11.Bc2 O-O 12.Qd3 g6 13.Bg5 Qb6 14.Rad1 Bd7 15.Ba4 
Be8 16.a3 Be7 17.Bxe7 Ncxe7 18.b4 Bxa4 19.Nxa4 Qc6 20.Nc5 b6 21.Nb3 a6 22.
Rc1 Qb5 23.Qc3 Rac8 24.Qd2 Qa4 25.Qb2 Rxc1 26.Rxc1 Rc8 27.Rxc8+ Nxc8 28.h3
h5 29.Ng5 Qb5 30.g4 Nh4 31.Qc3 Qc4 32.Qg3 Kg7 33.gxh5 Nf5 34.Nxe6+ Kh7 35.
Ng5+ Kg7 36.Qf3 Nce7 37.e6 f6 38.Nf7 g5 39.h6+ Kh7 40.Kh2 Qc6 41.Nd8 Qd6+ 
42.Kg1 Qxd8 43.Qh5 Nd6 44.Nd2 Qe8 45.Qf3 1/2-1/2

[Event "R6R7 Luchon 2 / Muret 4"]
[Site "?"]
[Date "2003.04.06"]
[Round "7.4"]
[White "Rouquet, Remi"]
[Black "Lefauqueur, Alain"]
[Result "0-1"]
[WhiteElo "1230"]
[BlackElo "1500"]
[EventDate "2003.??.??"]
[PlyCount "114"]

1.e4 e5 2.Nf3 Nf6 3.Nxe5 d6 4.Nf3 Nxe4 5.d3 Nf6 6.Nc3 Nc6 7.d4 Bf5 8.Bb5 
Be7 9.d5 a6 10.dxc6 axb5 11.cxb7 Rb8 12.Nxb5 Rxb7 13.Nbd4 Qd7 14.O-O Bg4 
15.h3 Bh5 16.Qd3 Bg6 17.Qc3 c5 18.Ne2 O-O 19.Re1 Nd5 20.Qc4 Nb4 21.Rd1 
Nxc2 22.Rb1 Ne3 23.Bxe3 Bxb1 24.Rxb1 Rb4 25.Qc2 h6 26.a3 Rb7 27.b4 cxb4 
28.axb4 Rc8 29.Qe4 d5 30.Qe5 Rb5 31.Nc3 Bf6 32.Qf4 Rxc3 33.Nd4 Bxd4 34.
Bxd4 Rc4 35.Qe5 f6 36.Qe1 Rxd4 37.Qc3 Rc4 38.Qa3 Qb7 39.Qd3 Rcxb4 40.Re1 
Rb1 41.Rxb1 Rxb1+ 42.Kh2 Qb8+ 43.g3 Qb5 44.Qf5 Re1 45.Qc8+ Re8 46.Qg4 Qc4 
47.Qd1 d4 48.f4 Qe2+ 49.Qxe2 Rxe2+ 50.Kg1 d3 51.Kf1 Re7 52.g4 d2 53.h4 
d1=Q+ 54.Kf2 Qd3 55.Kg1 Ra7 56.g5 Ra2 57.f5 Qb1# 0-1

[Event "R6R7 Luchon 1 / Muret 3"]
[Site "?"]
[Date "2003.04.06"]
[Round "7.1"]
[White "Lloveras, Jean-jacques"]
[Black "Pillot, Patrice"]
[Result "0-1"]
[WhiteElo "1499"]
[BlackElo "1549"]
[EventDate "2003.??.??"]
[PlyCount "51"]

1.e4 e5 2.Nf3 Nc6 3.Bb5 a6 4.Ba4 b5 5.Bb3 Nf6 6.Nc3 Be7 7.O-O Nd4 8.Nxe5 
O-O 9.d3 c5 10.Be3 Nxb3 11.axb3 d6 12.Nc6 Qc7 13.Nxe7+ Qxe7 14.Nxb5 Qe5 
15.f4 Qxb2 16.c3 Ng4 17.Qd2 Qxb3 18.Nxd6 Nxe3 19.Qxe3 Qxc3 20.Rfc1 Qb2 21.
Qxc5 Bg4 22.Qc2 Qd4+ 23.Kf1 Qxd6 24.f5 Qxh2 25.Qf2 Rfc8 26.Rd1 0-1

[Event "R6R7 Loures-Barousse / Foix"]
[Site "?"]
[Date "2003.04.06"]
[Round "7.4"]
[White "Carinola, Raphael"]
[Black "Durand, Stephane"]
[Result "0-1"]
[WhiteElo "1600"]
[BlackElo "1450"]
[EventDate "2003.??.??"]
[PlyCount "110"]

1.Nf3 c5 2.c4 Nc6 3.Nc3 Nf6 4.e3 d6 5.d4 cxd4 6.exd4 Bg4 7.Be2 e6 8.Bg5 
Be7 9.O-O O-O 10.h3 Bf5 11.Qb3 Qc7 12.Nh4 Nxd4 13.Qd1 Nxe2+ 14.Qxe2 h6 15.
Nxf5 exf5 16.Rfe1 Rfe8 17.Bf4 Qc6 18.Rad1 Rad8 19.Nb5 a6 20.Nd4 Qc5 21.Qd3
g6 22.Bxh6 Ne4 23.Be3 Qe5 24.Nf3 Qxb2 25.Bd4 Qb4 26.Rb1 Qa4 27.Nd2 Nxd2 
28.Qxd2 Qxc4 29.Qb2 Bg5 30.Bh8 Bh6 31.Bf6 Rc8 32.Qxb7 Qxa2 33.Qd7 Rxe1+ 
34.Rxe1 Qc4 35.Re8+ Rxe8 36.Qxe8+ Bf8 37.Qe1 Qe6 38.Qa1 d5 39.h4 f4 40.Be5
Bh6 41.Bf6 Bf8 42.Be5 Bd6 43.Bh8 Bf8 44.Qb2 a5 45.Be5 Bd6 46.Bh8 Qe1+ 47.
Kh2 f3+ 48.g3 Bf8 49.Kh3 Qe2 50.Qd4 a4 51.Kg4 a3 52.Bf6 Qe4+ 53.Qxe4 dxe4 
54.Kf4 Bg7 55.Bxg7 Kxg7 0-1

[Event "R6R7 Loures-Barousse / Foix"]
[Site "?"]
[Date "2003.04.06"]
[Round "7.2"]
[White "Masot, Liberto"]
[Black "Ribou, Jacques"]
[Result "0-1"]
[WhiteElo "1790"]
[BlackElo "1780"]
[EventDate "2003.??.??"]
[PlyCount "46"]

1.e4 c5 2.Nc3 e6 3.f4 d5 4.exd5 exd5 5.Bb5+ Nc6 6.Nf3 Bg4 7.O-O Nf6 8.Qe1+
Be7 9.Ne5 Bd7 10.d3 O-O 11.Ba4 Re8 12.Bb3 Bc8 13.Ne2 Qc7 14.Nxc6 Qxc6 15.
c3 Bf5 16.Bc2 c4 17.Qd1 Bg4 18.d4 Bd6 19.Re1 Qc7 20.g3 Ne4 21.Kg2 Qd7 22.
Bxe4 Rxe4 23.Kf2 Rae8 0-1

[Event "R5 Montauban/Castel-Moissac"]
[Site "?"]
[Date "2003.04.06"]
[Round "7"]
[White "RIVIERE, Frederic"]
[Black "GILABERT, David"]
[Result "1-0"]
[WhiteElo "1740"]
[BlackElo "1700"]
[PlyCount "73"]

{62MB, Fritz7 arbre.ctg, ROMAIN-PORTABLE} 
1.e4 c6 2.d4 d5 3.e5 Bf5 4.Bd3 Bxd3 5.Qxd3 e6 6.Nf3 Be7 7.O-O Na6 8.a3 c5 
9.Qb5+ Qd7 10.Qxd7+ Kxd7 11.dxc5 Bxc5 12.Nc3 Nc7 13.Be3 Be7 14.Nd4 a5 15.
Na4 Ke8 16.c4 f6 17.cxd5 fxe5 18.Nxe6 Nxe6 19.dxe6 b5 20.Nb6 Rd8 21.Rfd1 
Nf6 22.f3 h6 23.a4 b4 24.b3 g5 25.Nc4 Nd5 26.Kf2 Bf6 27.Bc5 e4 28.Rac1 e3+
29.Nxe3 Nxe3 30.Kxe3 Be7 31.Rxd8+ Bxd8 32.Bxb4 Rh7 33.Bd6 Bb6+ 34.Ke4 Kd8 
35.Kd5 Be3 36.e7+ Rxe7 37.Bxe7+ 1-0